000
00328nam a2200133Ia 4500
005
20251222141926.0
008
251222s9999||||xx |||||||||||||| ||spa||
020
_a
968-15-0126-8
082
_a
869.14/R68
100
_a
Riva Palacio, Vicente
245
0
_a
Cuentos del General
264
_b
Editores Mexicanos Unidos
942
_c
LIB
999
_c
8880
_d
8880